000 00518nam a2200169Ia 4500
005 20250508151914.0
008 008 250505s9999 xx 000 0 eng d
037 _aTextual
040 _aFEDL
_beng
_cFEDL
041 _aeng
_2eng
084 _a372.2412, LON
_qFEDL
245 0 _aReport of the consultative committee on : Infant and nursery schools
260 _aLondon, UK
_bHis Majesty's Stationery Office
_c1933
300 _a282p.
942 _cTEXL
_h372.2412, LON
999 _c1332851
_d1332851